| 000 | 00507nam a22001577a 4500 | ||
|---|---|---|---|
| 003 | OSt | ||
| 008 | 260428b |||||||| |||| 00| 0 eng d | ||
| 082 |
_a635.642 _bS15I |
||
| 100 | _aKumari, Sangeeta | ||
| 245 | _aInvestigation on the Effect of DIfferent Fertility Levels on Plant Growth Yield and Quality of Hybrids of Tomato (lycopersicum eseudeitum Mill.) | ||
| 260 |
_aPusa, Samastipur _bRAU _c1994 |
||
| 300 | _a76P. | ||
| 502 |
_bMsc. _d1994 |
||
| 650 | _aVegetables and Floriculture | ||
| 942 |
_2ddc _cT |
||
| 999 |
_c50225 _d50225 |
||